[Event "Championnat de France - Accession"]
[Site "Belfort - SNPHHUATVS"]
[Date "2010.??.??"]
[Round "7.1"]
[White "Moussard, Jules"]
[Black "Sochacki, Christophe"]
[Result "1/2-1/2"]
[WhiteElo "2372"]
[BlackElo "2365"]
[PlyCount "34"]

1. d4 d5 2. Bf4 Nf6 3. e3 Bf5 4. c4 c6 5. Nc3 e6 6. Qb3 Qb6 7. c5 Qxb3 8. axb3
Nbd7 9. Nf3 Be7 10. Be2 O-O 11. h3 a6 12. O-O Ne4 13. Nxe4 Bxe4 14. Ne5 Nxe5
15. Bxe5 Bc2 16. b4 Bf6 17. Bxf6 gxf6 1/2-1/2

[Event "Championnat de France - Accession"]
[Site "Belfort - SNPHHUATVS"]
[Date "2010.??.??"]
[Round "7.2"]
[White "Saucey, Michel"]
[Black "Friess, Nicolas"]
[Result "0-1"]
[WhiteElo "2306"]
[BlackElo "2246"]
[PlyCount "90"]

1. d4 d5 2. c4 c6 3. Nf3 Nf6 4. Nc3 a6 5. a4 e6 6. g3 dxc4 7. Bg2 c5 8. dxc5
Qxd1+ 9. Nxd1 Bd7 10. Ne3 Bc6 11. Nxc4 Bxc5 12. O-O Nbd7 13. Rd1 Ke7 14. Na5
Bd5 15. Nd4 Rhc8 16. Nxb7 Bb4 17. Nf5+ exf5 18. Bxd5 Nxd5 19. Rxd5 Rab8 20. Na5
Ke6 21. Rxd7 Kxd7 22. Nb3 Bc5 23. Nxc5+ Rxc5 24. Be3 Rd5 25. a5 Rxb2 26. Kf1
Ke6 27. Bb6 Rdb5 28. Ra3 R2b3 29. Ra2 Rb1+ 30. Kg2 R1b2 31. Ra3 Rxe2 32. Rc3
Ra2 33. Rc8 Rab2 34. Ra8 Rxb6 35. axb6 Rxb6 36. Ra7 g5 37. Kf3 h6 38. h3 h5 39.
Ra8 Kf6 40. h4 g4+ 41. Ke3 Re6+ 42. Kd2 f4 43. gxf4 Kf5 44. Rh8 Kxf4 45. Rxh5
f5 0-1

[Event "Championnat de France - Accession"]
[Site "Belfort - SNPHHUATVS"]
[Date "2010.??.??"]
[Round "7.3"]
[White "Stephan, Victor"]
[Black "Monsieux, Cyril"]
[Result "0-1"]
[WhiteElo "2234"]
[BlackElo "2300"]
[PlyCount "106"]

1. d4 Nf6 2. Nf3 e6 3. e3 b6 4. Bd3 Bb7 5. O-O c5 6. c4 cxd4 7. exd4 Be7 8. Nc3
O-O 9. d5 h6 10. Bc2 exd5 11. cxd5 d6 12. Nd4 Re8 13. Ba4 Nbd7 14. Nc6 Qc8 15.
Bf4 Bf8 16. b4 Ba6 17. Re1 Rxe1+ 18. Qxe1 Bc4 19. Rc1 Qa6 20. b5 Qb7 21. Qd2 a6
22. Qd4 axb5 23. Bxb5 Bxb5 24. Nxb5 Rxa2 25. Nxd6 Qa8 26. h3 Ra4 27. Qd2 g5 28.
Bg3 Ra1 29. Rxa1 Qxa1+ 30. Kh2 Qa3 31. Nf5 Qc5 32. f3 Kh7 33. Ne3 Nh5 34. Bf2
Qd6+ 35. g3 Qg6 36. Nc4 Bc5 37. Bxc5 bxc5 38. d6 Nhf6 39. N4e5 Qf5 40. Nxd7
Nxd7 41. Kg2 Kg7 42. Ne7 Qe5 43. g4 c4 44. Nf5+ Kf8 45. Ne3 c3 46. Qd3 Nc5 47.
Qh7 Ne6 48. d7 Ke7 49. Nf5+ Kxd7 50. Qxf7+ Kc6 51. Qe8+ Kb6 52. Qc8 Nf4+ 53.
Kg3 Qe1+ 0-1

[Event "Championnat de France - Accession"]
[Site "Belfort - SNPHHUATVS"]
[Date "2010.??.??"]
[Round "7.4"]
[White "Shirazi, Kamran"]
[Black "Lamard, Guillaume"]
[Result "1-0"]
[WhiteElo "2428"]
[BlackElo "2143"]
[PlyCount "115"]

1. e4 e5 2. Nc3 Nf6 3. Nf3 Nc6 4. a3 d6 5. d4 exd4 6. Nxd4 Bd7 7. Bf4 Qe7 8.
Qd3 Ne5 9. Qe2 O-O-O 10. Bg5 c6 11. f4 Ng6 12. f5 Ne5 13. O-O-O h6 14. Bh4 g5
15. fxg6 fxg6 16. Nf3 Bg7 17. h3 Be6 18. Qe3 Kb8 19. Bf2 b6 20. Be2 Nfd7 21.
Bg3 Nc5 22. Nd4 Bd7 23. Kb1 Ne6 24. Nf3 Ng5 25. a4 Ngxf3 26. gxf3 g5 27. h4 Be6
28. a5 b5 29. Rd4 Bc4 30. f4 gxf4 31. Bxf4 Bxe2 32. Nxe2 Nc4 33. Qd3 Be5 34. a6
Qc7 35. Rd1 Kc8 36. b3 Bxd4 37. Nxd4 Ne5 38. Qc3 Rhe8 39. Bxh6 Qb6 40. Nf5 Re6
41. Qh3 Kb8 42. Bg5 Rd7 43. Bf4 Qf2 44. Nxd6 Qf3 45. Qxf3 Nxf3 46. Nc4+ Kc8 47.
Nb6+ axb6 48. Rxd7 Kxd7 49. a7 Rxe4 50. Bb8 Rxh4 51. a8=Q Nd4 52. Qb7+ Ke6 53.
Qc8+ Kf7 54. Qd7+ Kg6 55. Be5 c5 56. Qg7+ Kf5 57. Qf6+ Kg4 58. Bxd4 1-0

[Event "Championnat de France - Accession"]
[Site "Belfort - SNPHHUATVS"]
[Date "2010.??.??"]
[Round "7.5"]
[White "Bujisho, Benjamin"]
[Black "Ribreau, Herve"]
[Result "1/2-1/2"]
[WhiteElo "2418"]
[BlackElo "2238"]
[PlyCount "48"]

1. d4 d6 2. c4 e5 3. d5 f5 4. e4 fxe4 5. Nc3 Nf6 6. Nge2 Bf5 7. Ng3 Bg6 8. Bg5
Be7 9. Bxf6 gxf6 10. h4 Qd7 11. h5 Bf7 12. Qb3 b6 13. O-O-O f5 14. Qb5 O-O 15.
Qxd7 Nxd7 16. Nxf5 Bg5+ 17. Ne3 Nf6 18. Be2 Be8 19. Kb1 Bd7 20. Rde1 Rf7 21.
Bd1 Kh8 22. Bc2 Rg8 23. Nxe4 Nxe4 24. Bxe4 Rxf2 1/2-1/2

[Event "Championnat de France - Accession"]
[Site "Belfort - SNPHHUATVS"]
[Date "2010.??.??"]
[Round "7.6"]
[White "Riff, Vincent"]
[Black "Di Nicolantonio, Lucas"]
[Result "1-0"]
[WhiteElo "2334"]
[BlackElo "2204"]
[PlyCount "81"]

1. e4 e6 2. d4 d5 3. Nd2 c5 4. exd5 exd5 5. Ngf3 Nf6 6. Bb5+ Bd7 7. Bxd7+ Nbxd7
8. O-O Be7 9. dxc5 Nxc5 10. Nd4 O-O 11. Nf5 Re8 12. Nb3 Rc8 13. Be3 b6 14. c3
Qd7 15. Qf3 Nce4 16. Rfd1 Bf8 17. h3 Re5 18. Nfd4 a5 19. Nc1 a4 20. Nd3 Ree8
21. a3 Nd6 22. Nc2 Qb5 23. Bd4 Nde4 24. Ne3 Bc5 25. Nxc5 bxc5 26. Bxf6 Nxf6 27.
Rab1 h6 28. c4 dxc4 29. Nf5 Rcd8 30. Qg3 Rxd1+ 31. Rxd1 Nh5 32. Qg4 Qxb2 33.
Nxh6+ Kf8 34. Qxh5 gxh6 35. Qxc5+ Kg8 36. Qxc4 Qxa3 37. Rd3 Qa1+ 38. Kh2 Re6
39. Rg3+ Kh7 40. f4 Qf6 41. Qc2+ 1-0

[Event "Championnat de France - Accession"]
[Site "Belfort - SNPHHUATVS"]
[Date "2010.??.??"]
[Round "7.7"]
[White "Ollier, Pablo"]
[Black "Favarel, Julien"]
[Result "0-1"]
[WhiteElo "2293"]
[BlackElo "2279"]
[PlyCount "106"]

1. d4 Nf6 2. c4 g6 3. Nc3 Bg7 4. e4 d6 5. Nf3 O-O 6. Be2 e5 7. dxe5 dxe5 8.
Qxd8 Rxd8 9. Nd5 Nxd5 10. cxd5 c6 11. Bc4 cxd5 12. Bxd5 Nd7 13. O-O h6 14. Rd1
Re8 15. Bb3 Nc5 16. Bc2 Be6 17. b4 Nd7 18. Ba4 Red8 19. Bb2 Nb6 20. Bb3 Bxb3
21. axb3 f6 22. h4 Rxd1+ 23. Rxd1 h5 24. Ra1 Bf8 25. Bc3 Rc8 26. Bd2 a6 27. b5
axb5 28. Ra5 Nd7 29. Rxb5 b6 30. b4 Kf7 31. Be3 Rc4 32. Bxb6 Bxb4 33. Bd8 Rxe4
34. Rb7 Ke8 35. Bc7 Rc4 36. g3 e4 37. Nh2 Bc5 38. Bb8 Rc2 39. Ba7 Bxa7 40. Rxa7
Ne5 41. Ra3 Kd7 42. f3 f5 43. fxe4 fxe4 44. Re3 Rc4 45. Ra3 Ke6 46. Nf1 Rc1 47.
Kg2 Rc2+ 48. Kh3 Ng4 49. Ra6+ Kf7 50. Ra7+ Kf6 51. Ra6+ Kg7 52. Ra7+ Kh6 53.
Nh2 Rxh2# 0-1

[Event "Championnat de France - Accession"]
[Site "Belfort - SNPHHUATVS"]
[Date "2010.??.??"]
[Round "7.8"]
[White "Mancini, Mario"]
[Black "Loiret, Stanislas"]
[Result "1-0"]
[WhiteElo "2256"]
[BlackElo "2270"]
[PlyCount "141"]

1. d4 Nf6 2. c4 e6 3. Nc3 Bb4 4. e3 O-O 5. Nf3 c5 6. Bd3 d6 7. Bd2 Nc6 8. a3
Bxc3 9. Bxc3 cxd4 10. Nxd4 Nxd4 11. Bxd4 e5 12. Bc3 Be6 13. Rc1 Rc8 14. b3 a5
15. a4 Nd7 16. O-O Nc5 17. Bc2 f6 18. Qd2 Ra8 19. Rfd1 Ra6 20. Qe2 g6 21. Kh1
Qd7 22. Rd2 Rd8 23. h3 Rb6 24. Rb1 Qc6 25. e4 Kg7 26. Qe3 g5 27. g4 Qe8 28. Qf3
Qg6 29. Kg2 Bf7 30. Rdd1 h5 31. gxh5 Qxh5 32. Qxh5 Bxh5 33. f3 Kf7 34. Kg3 Ke7
35. Rd2 Bf7 36. Rh2 Ra6 37. h4 gxh4+ 38. Rxh4 Rg8+ 39. Kf2 Raa8 40. Rh7 Rh8 41.
Rbh1 Rxh7 42. Rxh7 b6 43. Bd2 Rg8 44. Be3 Rg6 45. f4 exf4 46. Bxf4 Rg4 47. Be3
Rg8 48. Bd4 Rg5 49. Rh6 Rg6 50. Rh3 Rg5 51. Rf3 Nd7 52. Rf4 Rh5 53. Kg2 Bg6 54.
Bd1 Rg5+ 55. Kf1 Bh5 56. Bc2 Rg4 57. Rf5 Rg5 58. Bxf6+ Nxf6 59. Rxg5 Bf3 60. e5
Ne4 61. Bxe4 Bxe4 62. exd6+ Kxd6 63. Ke1 Bc2 64. Rg3 Kc5 65. Kd2 Be4 66. Kc3
Kc6 67. b4 axb4+ 68. Kxb4 Bf5 69. Rg5 Bd3 70. a5 bxa5+ 71. Rxa5 1-0

[Event "Championnat de France - Accession"]
[Site "Belfort - SNPHHUATVS"]
[Date "2010.??.??"]
[Round "7.9"]
[White "Philippe, Christophe"]
[Black "Blum, Nicolas"]
[Result "1-0"]
[WhiteElo "2431"]
[BlackElo "2263"]
[PlyCount "49"]

1. d4 Nf6 2. Nf3 e6 3. e3 b6 4. Bd3 Bb7 5. Nbd2 d5 6. Ne5 Bd6 7. f4 Ba6 8. O-O
O-O 9. b3 c5 10. Bb2 Bxd3 11. cxd3 Nfd7 12. Qg4 f5 13. Qh3 cxd4 14. exd4 Nxe5
15. dxe5 Be7 16. Kh1 Nc6 17. g4 Rc8 18. Rg1 Qd7 19. Rg2 fxg4 20. Rxg4 Rf7 21.
Rag1 Bc5 22. d4 Be7 23. Qh6 Bd8 24. f5 Kh8 25. fxe6 1-0

[Event "Championnat de France - Accession"]
[Site "Belfort - SNPHHUATVS"]
[Date "2010.??.??"]
[Round "7.10"]
[White "Song, Julien"]
[Black "Houard, Yannick"]
[Result "1-0"]
[WhiteElo "2347"]
[BlackElo "2238"]
[PlyCount "107"]

1. d4 d5 2. Nf3 Nf6 3. c4 c6 4. Qb3 dxc4 5. Qxc4 Bf5 6. g3 e6 7. Bg2 Nbd7 8.
O-O Be7 9. Nc3 O-O 10. Re1 Ne4 11. Qb3 Qb6 12. Nh4 Bxh4 13. gxh4 Qxb3 14. axb3
Nef6 15. e4 Bg6 16. Bf4 Nb6 17. Ra5 a6 18. Bd6 Rfe8 19. f4 Nc8 20. Bc7 Re7 21.
Bd8 Re8 22. Bxf6 gxf6 23. Bf3 h6 24. Kf2 Kh8 25. h5 Bh7 26. d5 cxd5 27. exd5 e5
28. fxe5 Rxe5 29. Nb5 Rb8 30. Na3 Rxe1 31. Kxe1 Nd6 32. Nc4 Rd8 33. Nxd6 Rxd6
34. Rc5 Bf5 35. Kd2 Kg7 36. Kc3 Kf8 37. Rc7 b6 38. Ra7 a5 39. Ra8+ Kg7 40. b4
axb4+ 41. Kxb4 Bd7 42. Kc4 Bh3 43. Kd4 Bf1 44. Rc8 Bb5 45. b3 Rd7 46. Bg4 Rb7
47. d6 f5 48. Bxf5 Kf6 49. Rc7 Rb8 50. Bg4 Ra8 51. Rb7 Ra3 52. Kc3 Ra6 53. d7
Ke7 54. Rb8 1-0

[Event "Championnat de France - Accession"]
[Site "Belfort - SNPHHUATVS"]
[Date "2010.??.??"]
[Round "7.11"]
[White "Cappon, John"]
[Black "Lerch, Patrice"]
[Result "0-1"]
[WhiteElo "2229"]
[BlackElo "2340"]
[PlyCount "82"]

1. e4 c5 2. Nf3 Nc6 3. Bb5 e6 4. c3 Nge7 5. O-O a6 6. Ba4 b5 7. Bc2 Bb7 8. d3
d5 9. Qe2 Rc8 10. a4 b4 11. Re1 Ng6 12. Nbd2 Be7 13. Nf1 O-O 14. Bd2 Qd7 15.
Ng3 Rfd8 16. Rad1 d4 17. c4 Bd6 18. Rb1 Rf8 19. Ng5 Nf4 20. Bxf4 Bxf4 21. Qg4
Bd2 22. Red1 Ne5 23. Qh5 Bxg5 24. Qxg5 f6 25. Qd2 f5 26. f4 Ng4 27. Nf1 e5 28.
h3 Nh6 29. fxe5 fxe4 30. dxe4 Qe7 31. Nh2 Nf7 32. Nf3 Nxe5 33. Nxe5 Qxe5 34.
Bd3 Rce8 35. Rf1 h6 36. Rf5 Rxf5 37. exf5 Qe3+ 38. Qxe3 Rxe3 39. Rd1 Kf7 40.
Kf2 Kf6 41. h4 Be4 0-1

[Event "Championnat de France - Accession"]
[Site "Belfort - SNPHHUATVS"]
[Date "2010.??.??"]
[Round "7.12"]
[White "Netzer, Jacques"]
[Black "Crut, Aurelien"]
[Result "0-1"]
[WhiteElo "2208"]
[BlackElo "2314"]
[PlyCount "64"]

1. e4 e6 2. d4 d5 3. Nc3 Bb4 4. e5 c5 5. a3 Bxc3+ 6. bxc3 Qa5 7. Bd2 Qa4 8. Qb1
c4 9. h4 Nc6 10. h5 h6 11. g4 f6 12. f4 b6 13. Bh3 Bd7 14. Nf3 Nge7 15. O-O
O-O-O 16. Qb2 Rdf8 17. Rae1 f5 18. Nh4 Be8 19. Kh2 Rhg8 20. Rg1 g5 21. fxg5
hxg5 22. gxf5 gxh4 23. f6 Nf5 24. Bxf5 exf5 25. Rxg8 Rxg8 26. h6 Nd8 27. e6 Qc6
28. h7 Qd6+ 29. Kh1 Rh8 30. Qb4 Qg3 31. f7 Qf3+ 32. Kg1 h3 0-1

[Event "Championnat de France - Accession"]
[Site "Belfort - SNPHHUATVS"]
[Date "2010.??.??"]
[Round "7.13"]
[White "Billon, Olivier"]
[Black "Saada, Julien"]
[Result "1/2-1/2"]
[WhiteElo "2129"]
[BlackElo "2304"]
[PlyCount "64"]

1. e4 c6 2. d4 d5 3. Nc3 dxe4 4. Nxe4 Bf5 5. Ng3 Bg6 6. h4 h6 7. Nf3 Nd7 8. h5
Bh7 9. Bd3 Bxd3 10. Qxd3 Qc7 11. Bd2 Ngf6 12. O-O-O e6 13. Ne4 O-O-O 14. g3
Nxe4 15. Qxe4 Nf6 16. Qe2 Bd6 17. c4 c5 18. Bc3 cxd4 19. Nxd4 a6 20. Nf3 Qc6
21. Kb1 Bc7 22. Rxd8+ Rxd8 23. Rh4 Qc5 24. Ne5 Bxe5 25. Bxe5 Ne8 26. Bc3 Qc6
27. b3 Rd7 28. Kb2 Qg2 29. Qe3 Qc6 30. Rd4 Rxd4 31. Qxd4 f6 32. Bb4 Kc7 1/2-1/2

[Event "Championnat de France - Accession"]
[Site "Belfort - SNPHHUATVS"]
[Date "2010.??.??"]
[Round "7.14"]
[White "Dubessay, Bastien"]
[Black "Buscara, Sevan"]
[Result "1-0"]
[WhiteElo "2272"]
[BlackElo "2259"]
[PlyCount "65"]

1. d4 g6 2. c4 Bg7 3. Nc3 c5 4. d5 Bxc3+ 5. bxc3 f5 6. g4 fxg4 7. h3 g3 8. f4
Nf6 9. Qd3 Qa5 10. Bg2 d6 11. e4 Nbd7 12. Ne2 Nh5 13. O-O Nb6 14. f5 Nd7 15.
Nf4 Ne5 16. Qe2 Nf6 17. Nd3 Nxd3 18. Qxd3 Bd7 19. fxg6 O-O-O 20. e5 dxe5 21.
Rb1 e4 22. Qxg3 Rhg8 23. Qe5 Rxg6 24. Bf4 Bxh3 25. Bg3 Bxg2 26. Rb5 Rxg3 27.
Rxa5 Rdg8 28. Rxc5+ Kd8 29. Qb8+ Kd7 30. Qc7+ Ke8 31. Qc8+ Kf7 32. Qe6+ Kg6 33.
Rxf6+ 1-0

[Event "Championnat de France - Accession"]
[Site "Belfort - SNPHHUATVS"]
[Date "2010.??.??"]
[Round "7.15"]
[White "Manoeuvre, Antoine"]
[Black "Delorme, Laurie"]
[Result "0-1"]
[WhiteElo "2271"]
[BlackElo "2237"]
[PlyCount "104"]

1. d4 d5 2. c4 c6 3. Nf3 e6 4. Nc3 dxc4 5. a4 Bb4 6. e3 b5 7. Bd2 a5 8. axb5
Bxc3 9. Bxc3 cxb5 10. b3 Bb7 11. bxc4 b4 12. Bb2 Nf6 13. Bd3 Nbd7 14. O-O O-O
15. Re1 Ne4 16. Qc2 f5 17. c5 Qc7 18. Bb5 Bd5 19. Ba4 Ndf6 20. h3 g5 21. Ne5 g4
22. f3 gxf3 23. gxf3 Ng5 24. Qg2 Kh8 25. Ng6+ hxg6 26. Qxg5 Ng4 27. Qf4 Qxf4
28. exf4 Nf6 29. Re5 Kg7 30. Rae1 Kf7 31. Kg2 Rfb8 32. Kf2 Rh8 33. Kg2 Rab8 34.
Rb1 Nh5 35. Bc1 Rh7 36. Bd2 Nf6 37. Ree1 Rhh8 38. Rb2 Rhd8 39. Rd1 Bc4 40. Be1
Nd5 41. Kg3 Ne7 42. Rc1 Bb5 43. c6 Rdc8 44. c7 Rb7 45. Bxb5 Rxb5 46. Ra2 Ke8
47. Rc5 Rxc5 48. dxc5 Nc6 49. Kh4 Rxc7 50. Kg5 Kf7 51. Bf2 Rc8 52. Kh4 Ra8 0-1

[Event "Championnat de France - Accession"]
[Site "Belfort - SNPHHUATVS"]
[Date "2010.??.??"]
[Round "7.16"]
[White "Sochacki, Wojtek"]
[Black "Camus, Berenger"]
[Result "1/2-1/2"]
[WhiteElo "2268"]
[BlackElo "2212"]
[PlyCount "29"]

1. f4 d5 2. Nf3 g6 3. e3 Bg7 4. Be2 Nc6 5. Bb5 Nf6 6. O-O O-O 7. Bxc6 bxc6 8.
d3 c5 9. Qe2 c4 10. dxc4 Ba6 11. Na3 Ne4 12. Rd1 Qb8 13. c3 dxc4 14. Nd2 Nd6
15. Naxc4 1/2-1/2

[Event "Championnat de France - Accession"]
[Site "Belfort - SNPHHUATVS"]
[Date "2010.??.??"]
[Round "7.17"]
[White "Bonn, Thomas"]
[Black "Domenech, Vianney"]
[Result "1/2-1/2"]
[WhiteElo "2250"]
[BlackElo "2094"]
[PlyCount "77"]

1. Nf3 d5 2. d4 Nf6 3. c4 c6 4. Qb3 e6 5. g3 Be7 6. Bg2 O-O 7. O-O Nbd7 8. Nc3
a5 9. Rd1 b6 10. Bf4 Ba6 11. cxd5 exd5 12. e4 Bc4 13. Qc2 dxe4 14. Nxe4 Bd5 15.
Nc3 Re8 16. Nxd5 cxd5 17. Ne5 Nf8 18. Rac1 Ne6 19. Nc6 Qd7 20. Nxe7+ Qxe7 21.
Be5 Ng5 22. Qc6 Ng4 23. Qxd5 Rad8 24. Qb5 h6 25. h4 Ne6 26. Qxb6 Nxe5 27. dxe5
Rb8 28. Qxa5 Rxb2 29. Rd2 Rxd2 30. Qxd2 Rd8 31. Qe3 Qb4 32. Kh2 g5 33. Bh3 gxh4
34. Bxe6 fxe6 35. Rg1 Kh7 36. Qa7+ Kh8 37. Qe3 Kh7 38. Qa7+ Kh8 39. Qe3 1/2-1/2

[Event "Championnat de France - Accession"]
[Site "Belfort - SNPHHUATVS"]
[Date "2010.??.??"]
[Round "7.18"]
[White "Demuth, Adrien"]
[Black "Hell, Pascal"]
[Result "1-0"]
[WhiteElo "2394"]
[BlackElo "2209"]
[PlyCount "91"]

1. d4 d5 2. Nf3 Nf6 3. c4 c6 4. Nc3 e6 5. Bg5 h6 6. Bh4 Nbd7 7. cxd5 exd5 8. e3
Be7 9. Bd3 O-O 10. Qc2 Re8 11. O-O b6 12. Rab1 Bb7 13. b4 a5 14. a3 axb4 15.
axb4 b5 16. Bg3 Nb6 17. Nxb5 cxb5 18. Bc7 Qd7 19. Bxb6 Bd6 20. Bc5 Ne4 21. Rb3
Bb8 22. Rc1 Re6 23. Qe2 Bc6 24. Rb2 Rf6 25. Rbc2 Ra6 26. Bxe4 dxe4 27. Ne5 Bxe5
28. dxe5 Rg6 29. Rd2 Qh3 30. Qf1 Bd7 31. g3 Qf5 32. Rcd1 Bc6 33. Bd6 Ra3 34.
Ra1 Rd3 35. Rad1 Qf3 36. h3 h5 37. Kh2 Rxg3 38. Rxd3 Rxh3+ 39. Qxh3 Qxf2+ 40.
Qg2 Qh4+ 41. Kg1 exd3 42. Be7 Qc4 43. Qg3 Qc2 44. Rf1 d2 45. Bf6 g6 46. e6 1-0

[Event "Championnat de France - Accession"]
[Site "Belfort - SNPHHUATVS"]
[Date "2010.??.??"]
[Round "7.19"]
[White "Platel, Alexandre"]
[Black "Nass, Emile"]
[Result "1/2-1/2"]
[WhiteElo "2237"]
[BlackElo "2248"]
[PlyCount "37"]

1. e4 e6 2. d4 d5 3. Nc3 Nf6 4. e5 Nfd7 5. f4 c5 6. Nf3 a6 7. Be3 Qb6 8. Na4
Qa5+ 9. c3 cxd4 10. b4 Qc7 11. Qxd4 Nc6 12. Qd2 Be7 13. Bd3 b5 14. Nb2 f6 15.
Nd4 Nxd4 16. cxd4 Nb6 17. O-O O-O 18. a4 Bd7 19. Rfc1 1/2-1/2

[Event "Championnat de France - Accession"]
[Site "Belfort - SNPHHUATVS"]
[Date "2010.??.??"]
[Round "7.20"]
[White "Etrog, Jonathan"]
[Black "Valles, Manuel"]
[Result "1/2-1/2"]
[WhiteElo "2164"]
[BlackElo "2242"]
[PlyCount "62"]

1. c4 Nf6 2. Nc3 g6 3. g3 Bg7 4. Bg2 d6 5. d4 O-O 6. Nf3 Nbd7 7. O-O e5 8. e4
exd4 9. Nxd4 c6 10. h3 a5 11. Be3 Re8 12. Qc2 Nc5 13. Rad1 Qc7 14. Ndb5 cxb5
15. Nxb5 Qe7 16. Nxd6 Na6 17. Nxe8 Qxe8 18. a3 Nb8 19. e5 Nfd7 20. f4 Nc6 21.
Rfe1 Nf8 22. Qb3 a4 23. Qb5 Bd7 24. Qxb7 Rb8 25. Qc7 Rc8 26. Qd6 Na5 27. c5 Nc4
28. Qd4 Nxe3 29. Qxe3 Ne6 30. c6 Bxc6 31. Bxc6 Rxc6 1/2-1/2

[Event "Championnat de France - Accession"]
[Site "Belfort - SNPHHUATVS"]
[Date "2010.??.??"]
[Round "8.1"]
[White "Friess, Nicolas"]
[Black "Monsieux, Cyril"]
[Result "1/2-1/2"]
[WhiteElo "2246"]
[BlackElo "2300"]
[PlyCount "48"]

1. d4 Nf6 2. c4 e6 3. Nc3 Bb4 4. Qc2 d5 5. a3 Bxc3+ 6. Qxc3 Ne4 7. Qc2 e5 8. e3
exd4 9. cxd5 Qxd5 10. Nf3 Nd6 11. Nxd4 Bd7 12. Be2 Qxg2 13. Bf3 Qg6 14. Qxc7
O-O 15. Qc2 Qf6 16. Bd2 Nc6 17. Bxc6 bxc6 18. Bc3 Rfe8 19. Rg1 Ne4 20. Nb5 Nxc3
21. Qxc3 Re5 22. O-O-O cxb5 23. Rxd7 Qf5 24. Rc7 g6 1/2-1/2

[Event "Championnat de France - Accession"]
[Site "Belfort - SNPHHUATVS"]
[Date "2010.??.??"]
[Round "8.2"]
[White "Mancini, Mario"]
[Black "Moussard, Jules"]
[Result "1/2-1/2"]
[WhiteElo "2256"]
[BlackElo "2372"]
[PlyCount "123"]

1. d4 Nf6 2. c4 Nc6 3. Nf3 e6 4. g3 Bb4+ 5. Bd2 Qe7 6. Nc3 d6 7. Bg2 O-O 8. O-O
Bxc3 9. Bxc3 e5 10. d5 Nb8 11. Nd2 Bg4 12. f3 Bh5 13. e4 Nbd7 14. b4 c6 15. Qe2
Rfc8 16. Rac1 Nb6 17. Nb3 cxd5 18. cxd5 Nc4 19. Bh3 Rc7 20. Be1 b5 21. Bf2 Qd8
22. Rc3 Nd7 23. Rfc1 Rac8 24. Bxd7 Qxd7 25. g4 Bg6 26. Nd2 h5 27. h3 Nb2 28.
Rxc7 Rxc7 29. Rxc7 Qxc7 30. Qxb5 Qc3 31. Qe2 Qxb4 32. Bxa7 Qa5 33. Be3 Qxa2 34.
Nc4 Qb1+ 35. Kg2 Nd1 36. Nxd6 Qc2 37. Kf1 Qb1 38. Bd2 hxg4 39. hxg4 Ne3+ 40.
Kf2 Nxd5 41. Qb5 Qxb5 42. Nxb5 Ne7 43. g5 f6 44. gxf6 gxf6 45. Bb4 Nc6 46. Bc5
Kf7 47. Ke3 Nd8 48. Nd6+ Kg7 49. Kf2 Ne6 50. Be3 Kf8 51. Kg3 Ke7 52. Nc4 Bh5
53. Nd2 Kd6 54. f4 Be2 55. Nf3 exf4+ 56. Bxf4+ Kc5 57. Bc1 Bd3 58. Bb2 Bxe4 59.
Bxf6 Kd5 60. Ng5 Bb1 61. Nxe6 Kxe6 62. Bh8 1/2-1/2

[Event "Championnat de France - Accession"]
[Site "Belfort - SNPHHUATVS"]
[Date "2010.??.??"]
[Round "8.3"]
[White "Favarel, Julien"]
[Black "Shirazi, Kamran"]
[Result "0-1"]
[WhiteElo "2279"]
[BlackElo "2428"]
[PlyCount "134"]

1. d4 Nf6 2. c4 e6 3. Nc3 Bb4 4. f3 c5 5. d5 b5 6. e4 bxc4 7. Bxc4 Nxd5 8. Bxd5
exd5 9. Qxd5 Nc6 10. Nge2 O-O 11. Kf2 Ba5 12. a3 Rb8 13. Rd1 Bc7 14. g3 Ne5 15.
Kg2 d6 16. Nf4 Qe8 17. g4 Be6 18. Qd2 Bb3 19. Rf1 Nc6 20. Nh5 f6 21. Qf2 Nd4
22. Be3 Nc2 23. Rac1 Nxe3+ 24. Qxe3 Bf7 25. Rc2 d5 26. Qxc5 Bb6 27. Nxd5 Bxc5
28. Nhxf6+ gxf6 29. Nxf6+ Kg7 30. Nxe8+ Bxe8 31. Rxc5 Rxb2+ 32. Rf2 Rb3 33.
Rg5+ Bg6 34. Ra5 Rf7 35. Ra4 Re3 36. Kg3 a5 37. Rxa5 Bxe4 38. Re5 Rfxf3+ 39.
Rxf3 Rxf3+ 40. Kg2 Bc6 41. Kg1 Rxa3 42. Re7+ Kg8 43. Rc7 Bd5 44. Re7 Rf3 45.
Re5 Bb7 46. Re7 Rf7 47. Re8+ Kg7 48. Rb8 Kf6 49. h4 Ke5 50. Kh2 Kf4 51. Kh3 Kf3
52. h5 Bd5 53. Kh4 Rf4 54. Kg5 Rxg4+ 55. Kh6 Be4 56. Re8 Kf4 57. Re7 Rh4 58.
Rg7 Bf5 59. Rg1 Rh3 60. Rf1+ Ke5 61. Re1+ Kf6 62. Ra1 Re3 63. Ra5 Re6 64. Rb5
Be4 65. Ra5 Kf7+ 66. Kg5 h6+ 67. Kf4 Kf6 0-1

[Event "Championnat de France - Accession"]
[Site "Belfort - SNPHHUATVS"]
[Date "2010.??.??"]
[Round "8.5"]
[White "Dubessay, Bastien"]
[Black "Philippe, Christophe"]
[Result "1-0"]
[WhiteElo "2272"]
[BlackElo "2431"]
[PlyCount "79"]

1. d4 Nf6 2. c4 e6 3. Nf3 c5 4. d5 b5 5. Bg5 exd5 6. cxd5 d6 7. e4 a6 8. a4 Be7
9. Bxf6 Bxf6 10. axb5 Bxb2 11. Ra2 Bf6 12. Bd3 O-O 13. O-O Bb7 14. Nbd2 axb5
15. Rxa8 Bxa8 16. Bxb5 Nd7 17. Qa4 Nb6 18. Qa5 Qc7 19. Nc4 Bd8 20. Nxb6 Qxb6
21. Qxb6 Bxb6 22. Rb1 Rb8 23. Ba6 Kf8 24. Nd2 Ke7 25. Nc4 Bc7 26. Rxb8 Bxb8 27.
Nb6 Bc7 28. Nxa8 Ba5 29. Kf1 g5 30. Ke2 Kf6 31. Ke3 Ke5 32. Bc8 h5 33. g3 c4
34. f4+ gxf4+ 35. gxf4+ Kf6 36. Kd4 c3 37. e5+ Ke7 38. Bf5 h4 39. h3 Bb4 40.
Nc7 1-0

[Event "Championnat de France - Accession"]
[Site "Belfort - SNPHHUATVS"]
[Date "2010.??.??"]
[Round "8.6"]
[White "Delorme, Laurie"]
[Black "Bujisho, Benjamin"]
[Result "0-1"]
[WhiteElo "2237"]
[BlackElo "2418"]
[PlyCount "68"]

1. d4 d6 2. c4 e5 3. Nf3 e4 4. Ng5 f5 5. Nc3 Nf6 6. e3 Be7 7. Be2 O-O 8. Bd2 c6
9. Qb3 h6 10. Nh3 Kh7 11. O-O-O a6 12. f3 b5 13. Nf2 bxc4 14. Bxc4 d5 15. Be2
a5 16. Na4 Ba6 17. Bxa6 Nxa6 18. Rdg1 c5 19. Nb6 Rb8 20. Bxa5 f4 21. fxe4 fxe3
22. Qxe3 Ng4 23. Qe2 Nxf2 24. Qxa6 dxe4 25. d5 Nxh1 26. Rxh1 Rf6 27. Qc4 Rfxb6
28. Qxe4+ Kh8 29. Bxb6 Qxb6 30. b3 Bg5+ 31. Kd1 c4 32. h4 cxb3 33. hxg5 bxa2
34. Ke2 Qb2+ 0-1

[Event "Championnat de France - Accession"]
[Site "Belfort - SNPHHUATVS"]
[Date "2010.??.??"]
[Round "8.8"]
[White "Lerch, Patrice"]
[Black "Saucey, Michel"]
[Result "1/2-1/2"]
[WhiteElo "2340"]
[BlackElo "2306"]
[PlyCount "83"]

1. e4 c5 2. Nc3 Nc6 3. g3 g6 4. Bg2 Bg7 5. d3 d6 6. Be3 e5 7. f4 Nd4 8. Nf3 Ne7
9. O-O O-O 10. Qd2 exf4 11. Bxf4 Nxf3+ 12. Rxf3 Qb6 13. Rb1 Be6 14. a3 a5 15.
Kh1 d5 16. a4 dxe4 17. Nxe4 Nf5 18. b3 Rad8 19. Rbf1 Bd5 20. R3f2 f6 21. Qc3
Bxe4 22. Qc4+ Kh8 23. Qxe4 Rd7 24. g4 Nh4 25. Bg3 Nxg2 26. Kxg2 Rd4 27. Qf3 f5
28. gxf5 Rxf5 29. Qe2 Qc6+ 30. Kg1 Rdd5 31. Rxf5 Rxf5 32. Qe4 Bd4+ 33. Kg2 Rxf1
34. Kxf1 Qd7 35. Kg2 Kg7 36. Be1 b6 37. Bh4 Bf6 38. Bg3 h5 39. Kf2 Bd4+ 40. Ke2
Bf6 41. Qf4 Qe6+ 42. Qe4 1/2-1/2

[Event "Championnat de France - Accession"]
[Site "Belfort - SNPHHUATVS"]
[Date "2010.??.??"]
[Round "8.9"]
[White "Crut, Aurelien"]
[Black "Stephan, Victor"]
[Result "1-0"]
[WhiteElo "2314"]
[BlackElo "2234"]
[PlyCount "73"]

1. e4 e5 2. Nf3 Nc6 3. Bc4 Bc5 4. c3 Nf6 5. d3 d6 6. Nbd2 O-O 7. Bb3 Be6 8. O-O
Qd7 9. Nc4 Bb6 10. Bg5 Bxc4 11. Bxc4 d5 12. exd5 Nxd5 13. Qe2 f6 14. Bd2 Na5
15. b4 Nc6 16. Bxd5+ Qxd5 17. c4 Qd6 18. c5 Bxc5 19. bxc5 Qxc5 20. Qe4 Rad8 21.
Be3 Qd6 22. Qc4+ Qd5 23. Rab1 Qxc4 24. dxc4 b6 25. Rfd1 e4 26. Nd4 Nxd4 27.
Bxd4 Rf7 28. Be3 Rfd7 29. Rxd7 Rxd7 30. c5 Kf7 31. g3 Ke6 32. Rb4 Rd1+ 33. Kg2
Kd5 34. Ra4 bxc5 35. Ra5 Kc6 36. Rxc5+ Kb7 37. Rb5+ 1-0